Historical European Flags 2 - Statistics

General Stats
  • This quiz has been taken 139 times
  • The average score is 10 of 20
Answer Stats
Picture Answer % Correct
German Empire
98%
Kingdom of Greece
94%
Kingdom of Ireland
83%
Grand Duchy of Lithuania
81%
Austro-Hungarian Empire
80%
Italian protectorate of Albania
73%
Batavian Republic
72%
Kingdom of Yugoslavia
70%
Kalmar Union
50%
Crown of Aragon
49%
Principality of Wallachia
48%
Kingdom of Scotland
46%
Papal States
46%
Crown of Castile
34%
Electorate of Baden
29%
Duchy of Milan
21%
Grand Duchy of Tuscany
19%
Republic of Ragusa
18%
Duchy of Württemberg
13%
Austrian Netherlands
12%
No matching quizzes found
Score Distribution
Percent of People with Each Score
Percentile by Number Answered
Your Score History
You have not taken this quiz